000 00889nam a2200265Ia 4500
003 OSt
005 20221005113241.0
006 a|||||r|||| 00| 0
007 ta
008 221004b |||||||| |||| 00| 0 pan d
020 _a9789385670596 (hbk)
_cINR 150.00
024 _a38713
037 _b234, 17/03/2018, National Book Shop
_cTextual
040 _aCRL
_cCRL
_bpan
041 _2pan
_apan
082 _aO153,2x, Q8
100 _aਸਿੰਘ, ਸਰਬਜੀਤ, ਥਦ.
245 0 _aਨਾਟ-ਰੰਗ
260 _aਪਟਿਆਲਾ
_bਗ੍ਰੈFਿਅਸ ਭਾਰਤ
_c2018
300 _a209ਪ0
_ccm.
650 _a ਪੰਜਾਬੀ ਨਾਟਕ
650 _aਪੰਜਾਬੀ ਸਾਹਿਤ
942 _hO153,2x, Q8
_cTEXL
_2cc
999 _c1027553
_d1027553